000 00581cam a22001457a 4500
999 _c508223
_d508223
008 180718b-- xxu||||| |||| 00| 0 eng d
082 _aL906x54 COM/1991-92/No/3
100 _aIndia. Comptroller and Auditor General of India
_9590
245 _aReport of the Comptroller and Auditor General of India, Union Government (Commercial):
_bAudit observations
260 _aNew Delhi
_bComptroller and Auditor General of India
_c1992
300 _a200p.
500 _aLibrary has 1991/92-1992/93, 1994/95-1999/2000
650 _aBusiness enterprises - Auditing - India
_93180
942 _2ddc